000 00206 a2200097 4500
001 47863
100 _aDumant R
245 _aThe Hungry Future
260 _a
_bMethuen & Co. Ltd
_c
090 _c30859
_d30859
942 _aNUST-CAE
_cM
_c23179
999 _c282936
_d282936